000 00651nam a2200265Ia 4500
005 20260121165948.0
008 008 260114s9999 xx 000 0 eng d
020 _a9788132226987
037 _aEBOOK
040 _aCRL
040 _beng
040 _cCRL
041 _2eng
041 _aeng
084 _qCRL
100 _aRajat Kathuria, Neetika Kaushal Nagpal
_91058126
245 0 _aGlobal Economic Cooperation
260 _bSpringer
260 _bSpringer
260 _c2016
856 _uhttps://link.springer.com/openurl?genre=book&isbn=978-81-322-2698-7
942 _cEBOOK
999 _c1623855
_d1623855